书目信息 |
| 题名: |
日本的思想
|
|
| 作者: | 丸山真男 著 ;宋益民 , 吴晓林 译 | |
| 分册: | ||
| 出版信息: | 长春 吉林人民出版社 2005 |
|
| 页数: | 134页 | |
| 开本: | 19cm | |
| 丛书名: | 日本文化与现代化丛书 | |
| 单 册: | ||
| 中图分类: | K313.03 | |
| 科图分类: | ||
| 主题词: | 思想史--研究--日本 , 思想史 | |
| 电子资源: | ||
| ISBN: | 7-206-01315-5 | |
| 000 | 00934oam2 2200301 45 | |
| 001 | 0120066006453 | |
| 005 | 20070106145852.89 | |
| 010 | @a7-206-01315-5@dCNY12.50 | |
| 092 | @aCN@b475116 | |
| 100 | @a20060613d2005 em y0chiy0120 ea | |
| 101 | 1 | @achi@cjpn |
| 102 | @aCN@b220000 | |
| 105 | @ay z 000yy | |
| 200 | 1 | @a日本的思想@9ri ben de si xiang@f(日)丸山真男著@g宋益民,吴晓林译 |
| 205 | @a2版 | |
| 210 | @a长春@c吉林人民出版社@d2005 | |
| 215 | @a134页@d19cm | |
| 225 | 2 | @a日本文化与现代化丛书 |
| 330 | @a本书阐述了日本帝国的思想史结构,揭示了现代面临的各种问题。日本西乡史的综合性研究为何贫泛等。 | |
| 461 | 0 | @12001 @a日本文化与现代化丛书 |
| 606 | 0 | @a思想史@x研究@y日本 |
| 606 | 0 | @a思想史 |
| 690 | @aK313.03@v4 | |
| 701 | 0 | @a丸山真男@9wan shan zhen nan@4著 |
| 702 | 0 | @a宋益民@9song yi min@4译 |
| 702 | 0 | @a吴晓林@9wu xiao lin@4译 |
| 801 | 0 | @aCN@bLZJBOOK@c20070106 |
| 905 | @a10447@dK313.03@e44=2 | |
| 日本的思想/(日)丸山真男著/宋益民,吴晓林译.-2版.-长春:吉林人民出版社,2005 |
| 134页;19cm.-(日本文化与现代化丛书) |
| ISBN 7-206-01315-5:CNY12.50 |
| 本书阐述了日本帝国的思想史结构,揭示了现代面临的各种问题。日本西乡史的综合性研究为何贫泛等。 |
| ● |
| 相关链接 |
|
|
|
|
正题名:日本的思想
索取号:K313.03/44=2
 
预约/预借
| 序号 | 登录号 | 条形码 | 馆藏地/架位号 | 状态 | 备注 |
| 1 | 0559149 | 205591493 | 第二样本阅览室/ [索取号:K313.03/44=2] | 在馆 | |
| 2 | 0559150 | 205591509 | 第二借阅区/ [索取号:K313.03/44=2] | 在馆 | |
| 3 | 0559152 | 205591527 | 第二借阅区/ [索取号:K313.03/44=2] | 在馆 | |
| 4 | 0559153 | 205591536 | 第二借阅区/ [索取号:K313.03/44=2] | 在馆 | |
| 5 | 0559154 | 205591545 | 第二借阅区/ [索取号:K313.03/44=2] | 在馆 | |
| 6 | 0559155 | 205591554 | 第二借阅区/ [索取号:K313.03/44=2] | 在馆 | |
| 7 | 0559156 | 205591563 | 第二借阅区/ [索取号:K313.03/44=2] | 在馆 |